Central Library OPAC University of Rajshahi

مجموعۀ ميزان الصرف، تمتۀ مفيده، منشعب منثور،فوائده نافعه، تبصرۀ کامله، تتمۀ ابواب مزيد، منشعب منظوم، شجر منشعب Majmūʿah-ʼi Mīzān al-ṣarf, , takmilah-ʼi mufīdah, munshaʿab-i mans̲ūr,,, tatammah-ʼi abvāb-i mazīd, munshaʿab-i manẓūm, shajar-i munshaʿab / (Record no. 80921)

MARC details
000 -LEADER
fixed length control field 01081nam a2200229 a 4500
001 - CONTROL NUMBER
control field 80921
003 - CONTROL NUMBER IDENTIFIER
rucl marc code BD-RjUL
005 - DATE AND TIME OF LATEST TRANSACTION
control field 20221207121917.0
008 - FIXED-LENGTH DATA ELEMENTS--GENERAL INFORMATION
fixed length control field 221206s1879 ii 000 0 urd c
035 ## - SYSTEM CONTROL NUMBER
System control number (BD-RjUL)80921
040 ## - CATALOGING SOURCE
Original cataloging agency UkOxU
Transcribing agency UkOxU
Language of cataloging eng
041 ## - LANGUAGE CODE
Language code of text/sound track or separate title urd
082 ## - DEWEY DECIMAL CLASSIFICATION NUMBER
Edition number 23
Classification number 492.75
Author mark and year QAM 1879
100 1# - MAIN ENTRY--PERSONAL NAME
Personal name Qamar uddin, Muhanmmad
9 (RLIN) 6211
245 10 - TITLE STATEMENT
Title مجموعۀ ميزان الصرف، تمتۀ مفيده، منشعب منثور،فوائده نافعه، تبصرۀ کامله، تتمۀ ابواب مزيد، منشعب منظوم، شجر منشعب Majmūʿah-ʼi Mīzān al-ṣarf, , takmilah-ʼi mufīdah, munshaʿab-i mans̲ūr,,, tatammah-ʼi abvāb-i mazīd, munshaʿab-i manẓūm, shajar-i munshaʿab /
Statement of responsibility, etc. محمد قمر الدين Muhammad qamar uddin
260 ## - PUBLICATION, DISTRIBUTION, ETC. (IMPRINT)
Place of publication, distribution, etc. Kānpūr :
Name of publisher, distributor, etc. Maṭbaʿ-i Niẓāmī,
Date of publication, distribution, etc. 1295 [1879]
300 ## - PHYSICAL DESCRIPTION
Pagination pt. ;
Size 26 cm.
500 ## - GENERAL NOTE
General note "Bi-ihtimām-i Muḥammad ʿAbd al-Raḥmān ibn Ḥājjī Muḥammad Rawshan Khān." - t.p.
505 ## - FORMATTED CONTENTS NOTE
Formatted contents note Pt. 1-6
650 #0 - SUBJECT ADDED ENTRY--TOPICAL TERM
Topical term or geographic name as entry element Arabic language
General subdivision Grammar.
942 ## - ADDED ENTRY ELEMENTS (KOHA)
Source of classification or shelving scheme Dewey Decimal Classification
Koha item type Books
Holdings
Lost status Source of classification or shelving scheme Damaged status Not for loan Collection code Permanent Location Current Location Shelving location Date acquired Source of acquisition Full call number Date last seen Copy number Koha item type
  Dewey Decimal Classification   Not For Loan Non-fiction Central Library, University of Rajshahi Central Library, University of Rajshahi Reading Room 07/12/2022 Quan manjil, Rajshahi F 492.75 QAM 1879 07/12/2022 C-1 Books